Missing Word: Nobel Laureates A-Z Quiz Stats

 Plays Quiz Updated Apr 1, 2016

Challenge
Share
Tweet
Embed
Score 0/26 Timer 03:00
1 Play Today
Hint Answer % Correct
____ Luther King, Jr.Martin
98.5%
____ MandelaNelson
98.1%
____ HemingwayErnest
97.6%
____ ChurchillWinston
97.1%
Mother ____Teresa
96.4%
Marie ____Curie
95.4%
____ KissingerHenry
95.4%
____ SteinbeckJohn
93.4%
____ TutuDesmond
91.3%
Anwar ____Sadat
84.5%
____ WałęsaLech
79.8%
____ PasternakBoris
73.4%
____ PavlovIvan
72.4%
Hint Answer % Correct
____ AnnanKofi
65.1%
____ NerudaPablo
56.9%
Milton ____Friedman
46.6%
____ San Suu KyiAung
29.7%
Mario ____ LlosaVargas
21.9%
____ PazOctavio
17.2%
____ MenchúRigoberta
13.8%
____ MistralGabriela
9.5%
Salvatore ____Quasimodo
7.4%
Sigrid ____Undset
6.6%
Liu ____Xiaobo
5.4%
Pieter ____Zeeman
4.3%
Hideki ____Yukawa
3.8%

Today's Daily Dose

You're not logged in!

Compare scores with friends on all Sporcle quizzes.
OR
Log In

You Might Also Like...

Show Comments

Extras

Top Quizzes Today


Score Distribution

Your Account Isn't Verified!

In order to create a playlist on Sporcle, you need to verify the email address you used during registration. Go to your Sporcle Settings to finish the process.

Report this User

Report this user for behavior that violates our Community Guidelines.

Details: